European Countries where German Language has an Official Status - Statistics

General Stats
  • This quiz has been taken 192 times
  • The average score is 6 of 6
Answer Stats
Country % Correct
Germany
100%
Austria
98%
Switzerland
97%
Liechtenstein
93%
Belgium
91%
Luxembourg
91%
No matching quizzes found
Score Distribution
Percent of People with Each Score
Percentile by Number Answered
Your Score History
You have not taken this quiz